Statistics for Top 20 Most Misspelled Countries

Click here to take the quiz!

General Stats

  • This quiz has been taken 198 times
    (195 since last reset)
  • The average score is 8 of 20

Answer Stats

RankCountry% Correct
6Kyrgyzstan
83%
9Kazakhstan
72%
15Tajikistan
66%
12Azerbaijan
50%
3Liechtenstein
50%
4Philippines
43%
14Luxembourg
40%
13Papua New Guinea
40%
2Djibouti
37%
7Czech Republic
35%
8Bosnia and Herzegovina
34%
19Nicaragua
34%
1Colombia
32%
10Venezuela
32%
16Guatemala
31%
11Mauritius
29%
5Uruguay
22%
17Malaysia
21%
18Morocco
21%
20Nauru
20%

Score Distribution

Percentile by Number Answered

Percent of People with Each Score

Your Score History

You have not taken this quiz since the last reset